Techniques of the observer (Registro nro. 320963)

Detalles MARC
000 -ENCABEZADO
Número de control [NR] 00896nam a22002297a 4500
005 - FECHA Y HORA DE LA ÚLTIMA TRANSACCIÓN
control field 20220422105659.0
008 - DE LONGITUD FIJA DE DATOS DE ELEMENTOS - INFORMACIÓN GENERAL
Elementos de longitud fija [NR] 220422s1990 maua|||gr|||| 00| 0 eng d
020 ## - NUMERO INTERNACIONAL NORMALIZADO PARA LIBROS [R]
Número Internacional Normalizado del libro [NR] 9780262531078
040 ## - FUENTE DE CATALOGACION [NR]
Agencia de catalogación original [NR] CO-BoUCM
Idioma de catalogación [NR] spa
Quien Cataloga Deissy Garcia
Quien Clasifica Deissy Garcia
041 0# - CODIGO DE IDIOMA [R]
Código de idioma para texto/pista de sonido o título separado [R] Inglés
100 ## - ASIENTO PRINCIPAL--NOMBRE PERSONAL [NR]
ID Autoridad 75339
Nombre personal [NR] Crary, Jonathan
245 10 - MENCION DE TITULO [NR]
Título [NR] Techniques of the observer
Parte restante del título [NR] on vision and modernity in the nineteenth century
Mención de responsabilidad, etc. [NR] Jonathan Crary
260 ## - PUBLICACION, DISTRIBUCION, ETC. (PIE DE IMPRENTA) [R]
Lugar de publicación, distribución, etc. [R] Cambridge, Massachusetts
Nombre del editor, distribuidor, etc. [R] MIT Press
Fecha de publicación, distribución, etc. [R] 1990
300 ## - DESCRIPCION FISICA [R]
Extensión [R] 171 páginas
Otros detalles físicos [NR] ilustraciones
500 ## - NOTA GENERAL [R]
Nota general [NR] Bibliografía Básica - Facultad de Creación - Pregrado en Arquitectura
504 ## - NOTA DE BIBLIOGRAFIA, ETC. [R]
Nota de bibliografía, etc. [NR] Incluye referencias bibliográficas
650 #7 - ASIENTO SECUNDARIO DE MATERIA - TERMINO TEMATICO [R]
9 (RLIN) 21296
Término temático o nombre geográfico como elemento de entrada [NR] Percepción visual
650 #7 - ASIENTO SECUNDARIO DE MATERIA - TERMINO TEMATICO [R]
Término temático o nombre geográfico como elemento de entrada [NR] Arte moderno
Subdivisión cronológica [R] siglo XIX
9 (RLIN) 174275
650 #7 - ASIENTO SECUNDARIO DE MATERIA - TERMINO TEMATICO [R]
Término temático o nombre geográfico como elemento de entrada [NR] Arte y sociedad
Subdivisión general [R] Historia
Subdivisión cronológica [R] siglo XIX
9 (RLIN) 174276
942 ## - ELEMENTOS DE ENTRADA AGREGADOS (KOHA)
Sistema de clasificación DEWEY
Tipo de ítem principal el descrito en 300a Libro
Tema principal Arte
Edición 1
Clasificación 701.15
Parte restante de la signatura top. C893t
Título oculto en OPAC No
Existencias
Signatura topográfica Código de barras Última vez visto Ejemplar Costo de reposición Price effective from Tipo de ítem Perdido Sistema de clasificación Dañado No prestable Tipo de ítem específico Suprimido Ubicación habitual Ubicación actual Localización Fecha de creación Forma de adquisición Costo
701.15 C893t 100170044 06/12/2025 Ej.1 161760.00 22/04/2022 Libro   DEWEY     Libro   Claustro Claustro 2do piso 22/04/2022 Compra 161760.00